| 000 | 03638cam0 2200673 ib4500 | ||
|---|---|---|---|
| 001 | BY-NLB-br0001096068 | ||
| 005 | 20260402102231.0 | ||
| 010 | ^a978-5-98156-449-9 | ||
| 100 | ^a20140707d2012 k y0rusy50 ca | ||
| 101 | 0 | ^arus | |
| 102 | ^aRU | ||
| 105 | ^aach z 010yy | ||
| 109 | ^aaa | ||
| 181 | 0 | ^ai4 | |
| 182 | 0 | ^an | |
| 200 | 1 |
^aНикифор Мурзакевич. История города Смоленска ^fсоставитель, автор предисловия П. И. Привалов |
|
| 203 |
^aТекст ^cнепосредственный |
||
| 210 | ^d2012 | ||
| 215 |
^a286, [1] с. ^cил. |
||
| 320 | ^aБиблиография: с. 29, библиография в подстрочных примечаниях | ||
| 345 | ^9800 экз. | ||
| 461 | 1 |
^12001 ^aСмоленская земля в памятниках русской словесности ^e[сборник ^fпод общей редакцией В. В. Ильина] ^vТ. 13 ^1010 ^a978-5-98156-366-9 ^bв переплете ^1210 ^aСмоленск ^cМаджента ^d2012—2013 ^1215 ^d22 см |
|
| 600 | 1 |
^3BY-NLB-ar2760869 ^aМурзакевич ^bН. А. ^gНикифор Адрианович ^f1769—1834 ^2BY-auth |
|
| 606 |
^3BY-NLB-ar7989 ^aГОРОДА ^2DVNLB |
||
| 606 |
^3BY-NLB-ar809 ^a9 ВЕК ^2DVNLB |
||
| 606 |
^3BY-NLB-ar54240 ^a10 ВЕК ^2DVNLB |
||
| 606 |
^3BY-NLB-ar12924901 ^a2 ТЫСЯЧЕЛЕТИЕ ПЕРВАЯ ПОЛОВИНА ^2DVNLB |
||
| 606 |
^3BY-NLB-ar45 ^a16 ВЕК ^2DVNLB |
||
| 606 |
^3BY-NLB-ar79 ^a17 ВЕК ^2DVNLB |
||
| 606 |
^3BY-NLB-ar187 ^a18 ВЕК ^2DVNLB |
||
| 606 |
^3BY-NLB-ar740 ^a19 ВЕК НАЧАЛО ^2DVNLB |
||
| 606 |
^3BY-NLB-ar13707 ^aКНЯЗЬЯ ^2DVNLB |
||
| 606 |
^3BY-NLB-ar10218 ^aЕПИСКОПЫ ^2DVNLB |
||
| 606 |
^3BY-NLB-ar8023 ^aГОРОДСКОЕ УПРАВЛЕНИЕ ^2DVNLB |
||
| 606 |
^3BY-NLB-ar25434 ^aПРИВИЛЕИ ^2DVNLB |
||
| 606 |
^3BY-NLB-ar2648372 ^aИСТОРИЯ ^2DVNLB |
||
| 606 |
^3BY-NLB-ar12358 ^aИСТОРИКИ ^2DVNLB |
||
| 606 |
^3BY-NLB-ar4055820 ^aСВЯЩЕННИКИ ^2DVNLB |
||
| 606 |
^3BY-NLB-ar28726 ^aРУССКИЙ ^2DVNLB |
||
| 607 |
^3BY-NLB-ar30690 ^aСмоленск, город (Россия) ^2BY-auth |
||
| 607 |
^3BY-NLB-ar30688 ^aСмоленская область (Россия) ^2BY-auth |
||
| 607 |
^3BY-NLB-ar28572 ^aРоссия ^2BY-auth |
||
| 608 |
^3BY-NLB-ar41900 ^aБИОГРАФИЧЕСКИЕ СВЕДЕНИЯ ^2BYGNR |
||
| 608 |
^3BY-NLB-ar9593 ^aДНЕВНИК ^2BYGNR |
||
| 660 | ^ae-ru | ||
| 686 |
^a83.3(2Рос) + 63.3(2) ^2rubbk |
||
| 690 |
^a1 ^2Base ^9BY-MI0000 ^xRSEK |
||
| 701 | 1 |
^3BY-NLB-ar2760869 ^aМурзакевич ^bН. А. ^gНикифор Адрианович ^f1769—1834 |
|
| 702 | 1 |
^3BY-SEK-ar7501805 ^aПривалов ^bП. И. ^gПетр Иванович ^4080 ^4220 |
|
| 702 | 1 |
^aИльин ^bВ. В. ^4340 |
|
| 801 | 0 |
^aBY ^bBY-HM0000 ^c20140707 ^gpsbo |
|
| 801 | 2 |
^aBY ^bBY-MI0000 ^c20260323 ^gRCR |
|
| 035 | ^a(BY-MI0000)BY-NLB-br0001096068 | ||
| 899 | 0 |
^aBY-MI0000 ^iС511 ^h83.3(2Рос) |
|